000 00613nam a22001817a 4500
999 _c58295
_d58295
005 20211027124057.0
008 211027s2007 enk||||| |||| 00| 0 rus d
020 _a9788776871406
041 _arus
080 _a159.922 X-12
100 _aХаббард, Рональд Лафайет.
_912701
245 _aДианетика :
_bСовременная наука о разуме /
_cЛ.Н. Хаббард.
264 _aМ. :
_b"Нью Эра",
_c2007.
300 _a663с.
_b: ил. ;
_c25 см.
653 _aდიანეტიკა
653 _aსაენტოლოგია
942 _2udc
_cBK